|
ห้องสมุด วิทยาลัยพยาบาลบรมราชชนนี อุดรธานี
Boromarajonani College of Nursing, Udonthani
|


|
mysqli: Table './ulib2015/stat_globaluid' is marked as crashed and last (automatic?) repair failed
select id from stat_globaluid where statuid='20260419124623_1267'
mysqli: Table './ulib2015/stat_globaluid' is marked as crashed and last (automatic?) repair failed
DELETE FROM stat_globaluid
WHERE id NOT IN (
SELECT id
FROM (
SELECT id
FROM stat_globaluid
ORDER BY id DESC
LIMIT 100
) foo
);
mysqli: Table './ulib2015/stat_globaluid' is marked as crashed and last (automatic?) repair failed
insert into stat_globaluid set
statuid='20260419124623_1267',
dt='1776577583',
phpself='/ULIB/dublinfull.php',
agent='Mozilla/5.0 AppleWebKit/537.36 (KHTML, like Gecko; compatible; ClaudeBot/1.0; +claudebot@anthropic.com)',
yea='2026',
mon='4',
dat='19',
ip='216.73.216.142'
| LEADER 00674nam 2200229 a 4500 |
| 001 10771 |
| 003 ULIBM |
| 008 130611s2547 th m a001 0 tha d |
| 050 4 ^aAG^bว768ข 2547
|
| 245 ^a ^a1111 |
| 250 ^aพิมพ์ครั้งที่ 4.
|
| 300 ^a 232 หน้า.
|
| 650 7 ^aการเข้าเฝ้า--การปฏิบัติตนในการเข้าเฝ้าทูลละอองธุลีพระบาท
|
| 945 ^p0^l0^i23291
|
| 945 ^p0^l0^i23292
|
| 945 ^p0^l0^i23293 |
| 999 ^aลิขิตลักษณ์
|
| คุณยังไม่ได้ล็อกอิน คุณสามารถมีกิจกรรมร่วมกับเว็บไซต์ได้ แต่ต้องล็อกอินก่อน :: |
|
| ลำดับที่ |
ประเภท |
เลขเรียก/บาร์โค้ด |
สถานที่ |
สถานะ |
| 1. |
 หนังสือภาษาไทย | AG ว768ข 2547 Barcode: 23291 | หนังสือทั่วไป | On Shelf |
| 2. |
 หนังสือภาษาไทย | AG ว768ข 2547 ฉ.2 Barcode: 23292 | หนังสือทั่วไป | On Shelf |
| 3. |
 หนังสือภาษาไทย | AG ว768ข 2547 ฉ.3 Barcode: 23293 | หนังสือทั่วไป | On Shelf |
| [แสดง 3/3 รายการ] |
mysqli: Can't create/write to file '/var/tmp/#sql_59d_0.MAI' (Errcode: 2)
select * from index_db where titl like '%ข้อพึงปฏิบัติในการเข้าเฝ้าทูลละอองธุลีพระบาท/ วิษณุ เครืองาม%' and mid<>'10771' order by rand() limit 3
mysqli: Can't create/write to file '/var/tmp/#sql_59d_0.MAI' (Errcode: 2)
select * from index_db where subj like '%การเข้าเฝ้า--การปฏิบัติตนในการเข้าเฝ้าทูลละอองธุลีพระบาท%' and mid<>'10771' order by rand() limit 3
|
ยังไม่เคยถูกคอมเมนท์
|
| คอมเมนท์ทรัพยากรรายการนี้ |
|